000 00555nam a2200193Ia 4500
003 OSt
005 20230607121751.0
008 210423s1981 xx 000 0 und d
040 _cAL
041 _aeng
082 _a340
_223
_bGOVK
245 _aAnnual volume of karnataka acts and ordinations for the year 1981
260 _aKarnataka
_bGovernment Of Karnataka
_c1981
365 _cINR
650 _aLaw
_9121389
650 _aSocial Sciences
_9121390
906 _a1981 ; acts ; Annual ; karnataka ; ordinations ; volume ; year
942 _2ddc
_cBK
999 _c175038
_d175038